[Event "Kuala Lumpur UM KPT op"]
[Site "Kuala Lumpur"]
[Date "2016.12.17"]
[Round "6"]
[White "Mohd Zin, Mohd Syazwan"]
[Black "Mohd Niza, Nor Atiqah"]
[Result "1/2-1/2"]
[WhiteElo "1672"]
[BlackElo "1607"]
[PlyCount "116"]
[EventDate "2016.12.16"]
[EventType "swiss"]
[EventRounds "9"]
[EventCountry "MAS"]
[SourceTitle "CBM 176 Extra"]
[Source "ChessBase"]
[SourceDate "2017.03.02"]
[SourceVersion "1"]
[SourceVersionDate "2017.03.02"]
[SourceQuality "1"]

1. d4 d6 2. c4 e5 3. dxe5 dxe5 4. Qxd8+ Kxd8 5. Nc3 c6 6. g3 Be6 7. b3 Nd7 8. Bg2 Bb4 9. Bd2 f6 10. Nf3 Ne7 11. 0-0 Ng6 12. Ne4 Be7 13. Bc3 Kc7 14. Ned2 a5 15. Rfd1 h5 16. h4 Nb6 17. Kh2 Rhd8 18. Ne4 Rxd1 19. Rxd1 a4 20. Bh3 Bxh3 21. Kxh3 axb3 22. axb3 Nd7 23. Ra1 Rxa1 24. Bxa1 Nc5 25. Nxc5 Bxc5 26. e3 Bb4 27. Ng1 Nf8 28. Ne2 Ne6 29. Bc3 Bxc3 30. Nxc3 Nc5 31. b4 Nd3 32. b5 Nxf2+ 33. Kg2 Nd3 34. Na4 cxb5 35. cxb5 b6 36. Kf3 Nc5 37. Nc3 Kd6 38. e4 Ne6 39. Na4 Nd4+ 40. Ke3 Nxb5 41. Nxb6 Nc3 42. Kd3 Nb5 43. Nd5 Nc7 44. Ne3 g6 45. g4 hxg4 46. Nxg4 Ke6 47. Nh2 Na6 48. Nf3 Nb4+ 49. Ke3 Nc2+ 50. Kf2 Nd4 51. Ke3 Nc6 52. Kf2 f5 53. Nd2 f4 54. Kf3 g5 55. Kg4 gxh4 56. Kxh4 Kf6 57. Kg4 Nd4 58. Kh4 Ne6 1/2-1/2

[Event "Kuala Lumpur UM KPT op"]
[Site "Kuala Lumpur"]
[Date "2016.12.16"]
[Round "3"]
[White "Mohd Niza, Nor Atiqah"]
[Black "Lye, Jiun Yin"]
[Result "1/2-1/2"]
[WhiteElo "1607"]
[BlackElo "1605"]
[PlyCount "126"]
[EventDate "2016.12.16"]
[EventType "swiss"]
[EventRounds "9"]
[EventCountry "MAS"]
[SourceTitle "CBM 176 Extra"]
[Source "ChessBase"]
[SourceDate "2017.03.02"]
[SourceVersion "1"]
[SourceVersionDate "2017.03.02"]
[SourceQuality "1"]

1. d4 d5 2. c4 c6 3. Nf3 Nf6 4. Nc3 dxc4 5. a4 Bf5 6. g3 Qd7 7. Ne5 Qc8 8. Nxc4 Bh3 9. Ne5 Bxf1 10. Rxf1 Nbd7 11. Nxd7 Qxd7 12. h4 0-0-0 13. e3 e6 14. Qc2 Bb4 15. Bd2 Nd5 16. 0-0-0 Bxc3 17. bxc3 Qe7 18. Qb3 f5 19. c4 Nf6 20. Bb4 Qc7 21. Rg1 Ne4 22. Rdf1 c5 23. dxc5 Nxc5 24. Bxc5 Qxc5 25. Rd1 b6 26. Rxd8+ Rxd8 27. Rd1 Rxd1+ 28. Kxd1 Kd7 29. Ke2 e5 30. Qd3+ Ke6 31. f3 Qd6 32. Qc3 h6 33. Qc2 g5 34. hxg5 hxg5 35. g4 fxg4 36. fxg4 Qd8 37. Qg6+ Qf6 38. Qg8+ Qf7 39. Qxg5 Kd6 40. Qd8+ Kc5 41. Qd5+ Qxd5 42. cxd5 Kxd5 43. Kd3 a6 44. e4+ Ke6 45. Kc4 Kf6 46. Kd5 b5 47. axb5 axb5 48. Kc5 Kg5 49. Kxb5 Kxg4 50. Kc4 Kf3 51. Kd3 Kf4 52. Kd2 Kf3 53. Kd3 Kg2 54. Ke2 Kg3 55. Ke3 Kg4 56. Kd2 Kf3 57. Kd3 Kf4 58. Kd2 Kg5 59. Ke2 Kg4 60. Ke3 Kg3 61. Ke2 Kg4 62. Ke3 Kg3 63. Ke2 Kg2 1/2-1/2